000 00505nam a2200169Ia 4500
003 GCL
008 140319s9999 xx 000 0 ara d
040 _aGCL /
_cGCL
082 0 4 _aم
_b920
_bم ع
100 1 _aمحمد قبيسى
245 1 0 _aعظماء مشاهير وعباقرة معاقون /
_cمحمد قبيسى
490 _aماذا اعرف
_v0
650 0 4 _aالملوك والحكام
650 0 4 _aالرجال - تراجم
650 0 4 _aالمعوقون - تراجم
942 _2ddc
_cREF
999 _c59636
_d59636